A város érdekei az elsődlegesek "örülnék, ha a jövőben olyan ember állna az önkormányzat élén, aki a megkezdett munkát folytatni tudja"

Podrobná bibliografia
Hlavní autori: Leczo, Zoltán, 1972- (Autor, Tazateľ), Nagy, Dezső (Autor)
Médium: Článok
Jazyk:maďarčina
Fyzický popis:Fotogr.
Predmet:

MARC

LEADER 00000nab a2200000 ar4500
001 vtls008872530
003 SK-MaSNL
005 20260319071100.0
008 060926c20060923xo |||||||| 000 b|hun
015 |a SNBRB2006/09  |2 snkbucl 
038 |a SNKBUCL 
040 |a DSZK  |b slo  |c DSZK  |e AACR2  |d SNKBUCL 
041 0 |a hun 
044 |a xo  |c SK 
080 |a 352  |x (437.6)  |2 1997 
080 |a 352.075.31  |2 1997 
080 |a 332.1  |x (437.6)  |2 1997 
100 1 |a Leczo, Zoltán,  |d 1972-  |4 ivr  |4 aut  |9 846881 
245 1 0 |a A város érdekei az elsődlegesek  |b "örülnék, ha a jövőben olyan ember állna az önkormányzat élén, aki a megkezdett munkát folytatni tudja"  |c Leczo Zoltán 
300 |b Fotogr. 
600 0 7 |a Nagy, Dezső  |2 snkbucl  |9 25146 
610 1 7 |a Kráľovský Chlmec (Slovensko).  |b Mestský úrad  |2 snkbucl  |9 157601 
610 1 7 |a Kráľovský Chlmec (Slovensko).  |b Primátor  |2 snkbucl  |9 204558 
650 0 7 |a regionálny rozvoj  |2 snkbucl  |9 2352 
651 7 |a Kráľovský Chlmec (Slovensko)  |2 SNKPH  |9 15685 
655 7 |a rozhovory  |2 snkbucl  |9 31831 
700 1 |a Nagy, Dezső  |4 ive  |4 aut  |9 25146 
773 0 |t Új szó  |g Évf. 59, sz. 219 (23.9.2006), o. 4 
852 |a SNK  |b KIS3GCP 
852 |a DSZK  |b KIS3GCP 
958 |a HU 
958 |a SK 
999 |c 1736167  |d 1738097